LDR 00509naa#a2200169#i#450# 001 EN\\bibl\103145 005 20260704093345.6 011 ## _a2542-1840 100 ## _a20260630b2026####ek#y0engy0150####ca 101 0# _aENG 102 ## _aRU 200 1# _aThe Impact of Involution on Chinese Undergraduates Preparing for Postgraduate Exams _eJournal article 210 1# _aKemerovo _cKemerovo State University _d2026 215 ## _a12 с. 608 ## _aJournal article _2local 700 #1 _aZhang _gYingxia 856 4# _avestnik-pses.kemsu.ru _u